|
|
|
|
| LEADER |
00000nam0a2200000 4500 |
| 001 |
671202 |
| 005 |
20240305130140.0 |
| 035 |
|
|
|a (RuTPU)RU\TPU\retro\34867
|
| 035 |
|
|
|a RU\TPU\book\111692
|
| 090 |
|
|
|a 671202
|
| 100 |
|
|
|a 20240305d1962 k||y0rusy5003 ca
|
| 101 |
0 |
|
|a rus
|
| 102 |
|
|
|a RU
|
| 105 |
|
|
|a a z 001zy
|
| 181 |
|
0 |
|a i
|b e
|
| 182 |
|
0 |
|a n
|
| 183 |
|
0 |
|a nc
|2 RDAcarrier
|
| 200 |
0 |
|
|a Исследование процессов листовой и ленточной прокатки
|f Институт металлургии (Свердловск) ; ред. Суяров Д. И., Шилов В. И., Чубриков Л. Г.
|
| 203 |
|
|
|a Текст
|b визуальный
|c непосредственный
|
| 210 |
|
|
|a Свердловск
|c Изд-во Института металлургии (Свердловск)
|d 1963
|
| 215 |
|
|
|a 111 с.
|c ил.
|
| 225 |
1 |
|
|a Труды Института металлургии (Свердловск)
|v Вып. 9
|
| 320 |
|
|
|a Библиогр. в конце статей
|
| 606 |
1 |
|
|a Металлургия общая
|2 stltpush
|9 62604
|
| 606 |
1 |
|
|a Металловедение
|x Общие вопросы
|9 62070
|
| 610 |
1 |
|
|a металлы
|
| 610 |
1 |
|
|a сжатие
|
| 610 |
1 |
|
|a кривые упрочнения
|
| 610 |
1 |
|
|a деформации
|
| 610 |
1 |
|
|a прокатка
|
| 610 |
1 |
|
|a расчетные формулы
|
| 610 |
1 |
|
|a толстолистовые станки
|
| 610 |
1 |
|
|a режимы обжатий
|
| 610 |
1 |
|
|a нажимное устройство
|
| 610 |
1 |
|
|a алгоритм
|
| 610 |
1 |
|
|a угловой профиль
|
| 610 |
1 |
|
|a управление
|
| 610 |
1 |
|
|a тензометрический силоизмеритель
|
| 610 |
1 |
|
|a преобразование
|
| 610 |
1 |
|
|a напряжение
|
| 610 |
1 |
|
|a холодная прокатка
|
| 610 |
1 |
|
|a сварные соединения
|
| 675 |
|
|
|a 669
|z rus
|v 4
|
| 675 |
|
|
|a 669.017
|z rus
|v 4
|
| 675 |
|
|
|a 665.63
|z rus
|
| 702 |
|
1 |
|4 340
|a Суяров
|b Д. И.
|
| 702 |
|
1 |
|4 340
|a Шилов
|b В. И.
|
| 702 |
|
1 |
|4 340
|a Чубриков
|b Л. Г.
|
| 712 |
0 |
2 |
|a Академия наук СССР
|b Уральское отделение
|b Институт металлургии
|c (Свердловск)
|3 (RuTPU)RU\TPU\col\11359
|9 25281
|
| 801 |
|
0 |
|a RU
|b 63413507
|c 20240305
|g psbo
|
| 801 |
|
1 |
|a RU
|b 63413507
|c 20240305
|g PSBO
|
| 801 |
|
2 |
|a RU
|b 63413507
|c 20240305
|g PSBO
|
| 942 |
|
|
|c CR
|